Guide for new managers (Record no. 45067)

MARC details
000 -LEADER
fixed length control field 00615nam a2200181 a 4500
008 - FIXED-LENGTH DATA ELEMENTS--GENERAL INFORMATION
fixed length control field 120416s1979 ||||||||||||||||| || u
020 ## - INTERNATIONAL STANDARD BOOK NUMBER
International Standard Book Number 0116303468
050 ## - LIBRARY OF CONGRESS CALL NUMBER
Classification number JF 1411 Gui
110 ## - MAIN ENTRY--CORPORATE NAME
Corporate name or jurisdiction name as entry element Civil Service Department
245 10 - TITLE STATEMENT
Title Guide for new managers
246 ## - VARYING FORM OF TITLE
Title proper/short title Civil Service Department
260 ## - PUBLICATION, DISTRIBUTION, ETC.
Place of publication, distribution, etc. London
Name of publisher, distributor, etc. H.M.S.O
Date of publication, distribution, etc. 1979
300 ## - PHYSICAL DESCRIPTION
Extent iii, 34p. : ill
350 ## - PRICE (NR) (BK AM CF MU VM SE) [OBSOLETE]
Price 0.00
650 ## - SUBJECT ADDED ENTRY--TOPICAL TERM
Topical term or geographic name entry element PUBLIC SERVICE--ADMINISTRATION
650 ## - SUBJECT ADDED ENTRY--TOPICAL TERM
Topical term or geographic name entry element ADMINISTRATION
995 ## - RECOMMENDATION 995 [LOCAL, UNIMARC FRANCE]
-- 0.00
-- CBU-MAIN LIBRARY (Kitwe)
-- 1
-- 1.00
-- 1
-- AVAILABLE
-- Main Library Open Access Collection
Holdings
Withdrawn status Lost status Source of classification or shelving scheme Damaged status Not for loan Home library Current library Shelving location Date acquired Total Checkouts Full call number Barcode Date last seen Price effective from Koha item type
          CBU-MAIN LIBRARY, KITWE. CBU-MAIN LIBRARY, KITWE.   11/30/2022   JF 1411 Gui 007578 11/30/2022 11/30/2022 MONOGRAPH